Tropische Architektur und Interieurs : Indonesien, Malaysia, Singapur, Thailand

Saved in:
Bibliographic Details
Main Author: Beng, Tan Hock (Author)
Format: Book
Language:German
Published: Singapore : PAGE, 1994
Edition:1. vydanie
Subjects:
Tags: Add Tag
No Tags, Be the first to tag this record!

MARC

LEADER 00000nam a22000003a 4500
001 stu11546
005 20220404190212.4
008 950503s1994----si------------------ger-d
020 |a 9810053428 
040 |a STU  |b slo 
041 0 |a ger 
044 |a si 
100 1 |a Beng, Tan Hock  |4 aut 
245 1 |a Tropische Architektur und Interieurs :  |b Indonesien, Malaysia, Singapur, Thailand 
250 |a 1. vydanie 
260 |a Singapore :  |b PAGE,  |c 1994 
300 |a 220 s 
650 7 |a tropické_krajiny  |2 stusub 
650 7 |a bazény  |2 stusub 
650 7 |a architektúra tropická  |2 stusub 
650 7 |a architektúra ázijská  |2 stusub 
650 7 |a záhrady 
650 7 |a konštrukcie 
996 |b 284AU00570  |c A*2527 U  |l AAKNAR  |s A  |a 24  |w stu11546_0001